Vocabulario gramatical / (Record no. 187209)

MARC details
000 -LEADER
campo de control de longitud fija 01099nam a2200265 i 4500
001 - NÚMERO DE CONTROL
campo de control 187209
003 - IDENTIFICADOR DE NÚMERO DE CONTROL
campo de control SpMaBN
005 - FECHA Y HORA DE LA ÚLTIMA TRANSACCIÓN
campo de control 20250628053604.0
008 - DATOS DE LONGITUD FIJA--INFORMACIÓN GENERAL
campo de control de longitud fija 170508s1987 ck ch |||| |dspa d
080 ## - NÚMERO DE LA CLASIFICACIÓN DECIMAL UNIVERSAL
Número de la Clasificación Decimal Universal 806.0-5(035.3)"18"
100 1# - ENTRADA PRINCIPAL--NOMBRE DE PERSONA
Nombre de persona Mendoza Pérez, Diego.
9 (RLIN) 162558
245 10 - MENCIÓN DEL TÍTULO
Título Vocabulario gramatical /
Mención de responsabilidad, etc. Diego Mendoza Pérez ; estudio biográfico, bibliográfico y crítico por Jaime Bernal Leongómez.
260 ## - PUBLICACIÓN, DISTRIBUCIÓN, ETC.
Lugar de publicación, distribución, etc. Bogotá :
Nombre del editor, distribuidor, etc. [Instituto Caro y Cuervo],
Fecha de publicación, distribución, etc. 1987.
300 ## - DESCRIPCIÓN FÍSICA
Extensión CXIII, 312 p. :
Otras características físicas 1 retr. autor ;
Dimensiones 21 cm.
490 1# - MENCIÓN DE SERIE
Mención de serie Publicaciones del Instituto Caro y Cuervo.
-- Minor ;
Designación de volumen o secuencia 28
504 ## - NOTA DE BIBLIOGRAFÍA, ETC.
Nota de bibliografía, etc. Bibliografía: p. [307]-309.
534 ## - NOTA SOBRE LA VERSIÓN ORIGINAL
Frase introductoria Con reprod. facs. de la ed. de:
Publicación, distribución, etc. del original Tunja : Imp. de Torres Hermanos y C.ª, 1884.
650 #4 - PUNTO DE ACCESO ADICIONAL DE MATERIA--TÉRMINO DE MATERIA
Término de materia o nombre geográfico como elemento de entrada Lengua española-
Subdivisión general Gramática.
9 (RLIN) 14161
700 1# - ENTRADA AGREGADA--NOMBRE PERSONAL
Nombre de persona Bernal Leongomez, Jaime.
9 (RLIN) 28196
710 2# - ENTRADA AGREGADA--NOMBRE DE ENTIDAD CORPORATIVA
Nombre de entidad corporativa o nombre de jurisdicción como elemento de entrada Instituto Caro y Cuervo.
9 (RLIN) 4806
830 0# - PUNTO DE ACCESO ADICIONAL DE SERIE-TÍTULO UNIFORME
Título uniforme Publicaciones del Instituto Caro y Cuervo.
-- Minor ;
Designación de volumen o secuencia 28
9 (RLIN) 192752
852 ## - LOCALIZACIÓN
Ubicación ES-MaACL
Ubicación en estantería Depósito 2
Donativo/Legado Donativo José Prat
Número de control de estantería L-31552
942 ## - ELEMENTOS DE ENTRADA SECUNDARIOS (KOHA)
Fuente del sistema de clasificación o colocación Clasificación decimal universal
Tipo de ítem Koha Libro impreso
Suprimir en OPAC No
Holdings
Estatus retirado Estado de pérdida Estado de daño No para préstamo Biblioteca de origen Biblioteca actual Ubicación en estantería Fecha de adquisición Fuente de adquisición Total de préstamos Signatura topográfica completa Código de barras Visto por última vez Precio de reemplazo Tipo de ítem Koha
        Biblioteca del Ateneo de Madrid Biblioteca del Ateneo de Madrid Depósito 2 08/05/2017     L-31552 1197538 23/02/2023 23/02/2023 Libro impreso